| 000 | 00467 a2200169 4500 | ||
|---|---|---|---|
| 003 | OSt | ||
| 005 | 20231226104142.0 | ||
| 008 | 231226b |||||||| |||| 00| 0 eng d | ||
| 020 | _a9789350729021 | ||
| 040 | _coclc | ||
| 082 |
_a891.43 _bKOH/M |
||
| 100 |
_aKohli,Narendra _910178 |
||
| 245 |
_aMUHALLA / _cNarendra Kohli |
||
| 260 |
_aNew Delhi: _bVani Prakashan, _c2015. |
||
| 300 | _a151p | ||
| 942 |
_2ddc _cBK _h891.43 _iKOH/M _k891.43 _mKOH/M |
||
| 999 |
_c43575 _d43575 |
||